Música para toda la enseñanza : segundo ciclo : nivel 4

Guardado en:
Detalles Bibliográficos
Autor principal: Cateura Mateu, María
Formato: Libro
Lenguaje:español
Publicado: Barcelona : Ibis, D.L.1988
Edición:[2ª ed.]
Catálogo:MANES:  Resultados de Búsqueda del Catálogo
Clasificación de libros de texto:
Etiquetas: Agregar Etiqueta
Sin Etiquetas, Sea el primero en etiquetar este registro!
Añadido a:1998-11-16
Cambiado en:2025-05-07

MARC

LEADER 00000cam a2200000 i 4500
005 20250507134553.0
008 981117s1988 espa fp 000 0 spa d
020 |a 8486512239 
040 |a uned  |b spa  |c entro-manes 
100 1 |a Cateura Mateu, María 
245 1 0 |a Música para toda la enseñanza :   |b segundo ciclo : nivel 4 /   |c María Cateura Mateu 
250 |a [2ª ed.] 
260 |a Barcelona :   |b Ibis,   |c D.L.1988 
300 |a 62 p. :   |b il. 
546 |a España 
561 |5 es-BUNED  |3 L.T.M. 0832  |a España. Fondo Manes UNED  |k MANES 
690 0 |a EA 
691 0 |a PRI 
942 |2 ddc  |c BK 
999 |c 97571  |d 97571 
999 |c manes:97571  |d 97571